000 00792nam a2200193 a 4500
008 071031s2001 ||||||||||||||||| || u
020 _a0821349295
050 _aIBRD(06)OED/2001/1
100 _aBattaile, William
245 1 0 _a2000 annual review of development effectiveness: from strategy to results
_cTimothy Johnson and William Battaile
260 _aWashington, D. C.
_bWorld Bank
_c2001
300 _axxiv, 63p.: ill.
350 _a0.00
490 _aWorld Bank Operations Evaluation Department (OED)
650 _aDEVELOPMENT EFFECTIVENESS
650 0 _aAFRICA--ECONOMIC CONDITIONS
700 _aJohnson, Timothy
995 _D0.00
_FCBU-MAIN LIBRARY (Kitwe)
_H1
_I0.00
_M1
_UAVAILABLE
_WOct 31, 2007
_ZInternational Publications
999 _c33090
_d33090